000 00816cam a2200241 a 4500
001 000018367
005 20200929165457.0
008 890616s1990 nyu 000 0 eng d
020 _a0415901693
020 _a0415901707 (pbk.)
040 _aDO-SdBNP
_beng
_cLC
_dBNPHU
050 0 0 _aHN27
_b.S66 1990
082 _ann*
_bS761p
100 1 _aSpivak, Gayatri Chakravorty.
_939773
245 1 4 _aThe post-colonial critic :
_binterviews, strategies, dialogues /
_cGayatri Chakravorty Spivak ; edición Sarah Harasym.
260 _aNew York :
_bRoutledge,
_c1990.
300 _aviii, 168 p. ;
_c23 cm.
650 0 _aSocial history
_y1970-
_939774
600 1 0 _aSpivak, Gayatri Chakravorty
_xInterviews.
_939775
700 1 _aHarasym, Sarah,
_d1955-
_eed.
_939776
910 _aCatalogación derivada / LC
049 _aBNGR
999 _c17888
_d17888